Κατάλογος Βιβλιοθηκών Mediterranean College

Portfolio Construction, Management & Protection / Second Edition (Record no. 5743)

MARC details
000 -LEADER
fixed length control field 01492cam a22002054a 4500
005 - ΗΜΕΡΟΜΗΝΙΑ ΚΑΙ ΩΡΑ ΤΕΛΕΥΤΑΙΑΣ ΕΝΗΜΕΡΩΣΗΣ
Πεδίο ελέγχου 20250605164220.0
008 - FIXED-LENGTH DATA ELEMENTS--GENERAL INFORMATION
Πεδίο ελέγχου σταθερού μήκους 250528s ||||||||||||||||||||||||d
035 ## - SYSTEM CONTROL NUMBER
System control number 20655
020 ## - ISBN
ISBN 324006195
040 ## - ΠΗΓΗ ΚΑΤΑΛΟΓΟΓΡΑΦΗΣΗΣ
Φορέας πρωτότυπης καταλογογράφησης MC Athens Campus Library
Γλώσσα καταλογογράφησης Ελληνικά, Μοντέρνα (1453-)
Modifying agency MC Athens Campus Library
Κανόνες περιγραφικής καταλογογράφησης AACR2
245 1# - ΤΙΤΛΟΣ ΚΑΙ ΔΗΛΩΣΗ ΥΠΕΥΘΥΝΟΤΗΤΑΣ
Τίτλος Portfolio Construction, Management & Protection / Second Edition
250 ## - EDITION STATEMENT
Edition statement 2nd
260 ## - PUBLICATION, DISTRIBUTION, ETC.
Name of publisher, distributor, etc. South-Western Publishing Co,
Date of publication, distribution, etc. 2000
300 ## - PHYSICAL DESCRIPTION
Extent 606
520 ## - SUMMARY, ETC.
Summary, etc. Background and Basic Principles and Investment Policy, The Process of Portfolio Management, The Two Key Concepts in Finance, A Revie of Statistical Principles Useful in Finance, Setting Portfolio Objectives, Mutual Fund Evaluation Term Project, Investment Policy, Sample Statements of Investment Policy, Portfolio Construction, The Mathematics of Diversification, Why Diversification is a Good Idea, Stochastic Dominance, International Investment and Diversification, The Capital Markets and Market Efficiency, Picking the Equity Players, The Special Case of Preffered Stock, Security Screening, Bond Prices and the Importance of Duration, Bond Selection, The Role of Real Assets, Portfolio Management, Revision of the Equity Portfolio, Option Overwriting, Performance Evaluation, Fiduciary Duties and Responsibilities, Portfolio Protection and Emerging Topics, Principles of the Futures Market, Benching the Equity Players, Removing Interest Rate Risk, Glossary, Index.
700 1# - ΠΡΟΣΘΕΤΗ ΑΝΑΓΡΑΦΗ--ΦΥΣΙΚΟ ΠΡΟΣΩΠΟ
Personal name Strong Robert A
9 (RLIN) 6615
942 ## - ADDED ENTRY ELEMENTS (KOHA)
Koha item type Books
Holdings
Τύπος τεκμηρίου Βιβλιοθήκη Τρέχουσα τοποθεσία Barcode Αριθμός εισαγωγής Ημερομηνία απόκτησης Ταξιθετικό σύμβολο Αριθμός αντιτύπου Κατάσταση απόσυρσης Κατάσταση χαμένου Κατάσταση κατεστραμμένου Μη δανεισμός Σύνολο δανεισμών Ημερομηνία τελευταίας εμφάνισης Η τιμή ισχύει από
Books MC Athens Campus Library MC Athens Campus Library 9780000057426 7253 05/06/2025 332.6 STR 1           05/06/2025 05/06/2025

MC Athens Campus Library
Πατησίων 94 & Κοδριγκτώνος 13, 104 34
Πελλήνης 8 & Πατησίων 107, 112 51
Τ: +30 210 8899600

MC Thessaloniki Campus Library
Ίωνος Δραγούμη 21, 54625 | Ίωνος Δραγούμη 15, 54625
Τ: +30 2310 287779 – Τ: +30 2314 440300